000 00684nam a2200241 4500
003 OSt
005 20260601171008.0
008 260506b1984\\\\nk\|||||\||||\00|\0\eng\d
020 _a084780545x
040 _aICI
_bspa
_cICI
041 _aeng
050 _aNK1471.F5
_bG39
100 1 _a Gaynor Elizabeth ;
_dautora
_932581
245 1 _aFinland living design /
_cGaynor Elizabeth
264 1 _aNew York :
_bRizzoli,
_c1984
300 _a250 páginas :
_bilustraciones
336 _atexto
_2rdacontent
337 _asin medio
_2rdamedia
338 _avolumen
_2rdacarrier
650 _a Diseño
_zFinlandia
_93494
700 _aHaavisto Kari,
_eilustrador
_932582
942 _2lcc
_cB
_n1
999 _c20356
_d20356